000 00520nam a2200217Ia 4500
003 OSt
005 20220924135218.0
006 a|||||r|||| 00| 0
007 ta
008 220923b |||||||| |||| 00| 0 ben d
024 _a289014
037 _cTextual
040 _aARTS
_cARTS
_bben
041 _2ben
_aben
082 _aO,1NINx, 157K3
245 0 _aIndira devi patravali
260 _c1963
650 _aENGLISH LITERATURE
942 _hO,1NINx, 157K3
_cTEXL
_2CC
999 _c440030
_d440030